00785nam a22002057a 4500999001900000005001700019010001300036020001500049035001100064037001300075082000800088100004000096245007500136246004300211260004400254270009200298300002300390942002900413952013700442 c174975d17497520200729153902.0 aUR-10825 c300.00 a- aU-9380 bDBAD/PUB a841 aا ظہا ر ا حمد صد يقی  aو ا د ئ فکر cا ظہا ر ا حمد صد يقی  bWadiye Fikr (Urdu)aby Izhar Siddiqui  aBanaras bIzhar Ahmed Siddiquic2019 ء aS-410/12/1Kha Patrkar Puram ColonyNear Sadar Tehseel SakrolbWaranasie2k9454751524l- a220 ص c22 Cm(Hb) 2ddccURh841m ص د ی  001040708NFICaDBADbDBADd2020-07-29eDBAD/PUBg300.00l0o841 ص د یpU-9380r2020-07-29 00:00:00t1v300.00w2020-07-29yUR